Dreamcatcher song by lyrics #7 - Statistics

General Stats
  • This quiz has been taken 38 times
  • The average score is 9 of 13
Answer Stats
Lyrics Songs % Correct
So now, holding this pain modeun geol beorin geudaecheoreom Deja Vu (데자부)
94%
Harder, deeper, faster, drive 2 rings
86%
Back and forth yeohin chatteon goshi aningeol No more Utopia Odd Eye
86%
Oh baby run, run, run it meoleojige Run, run, run it boiji anhneun gose Good Night
81%
I feel so far away uri shigani galsurok uri July 7th (약속해 우리)
72%
I think I turn into the stone Shatter
72%
Don't be afraid Don't lose your faith, run no more Break the wall
67%
Get set, ready, go
hago shipeun daero, gago shipeun daero
jigeumbuteo shijakae (Go, go, go)
Beauty Full (Dami Solo)
64%
How could I be asleep? How could I be asleep? Daybreak (새벽)
58%
You're already warm like sunshine You shine even without the moonlight Starlight
58%
yuganda kanjou myuuto shite Silent night No way no way No More
53%
deouk gipeojyeoman ganeun dillema No way no way no way Black or white
42%
Oh stay with me here And don't leave me please And there was no one left (그리고 아무도 없었다)
19%
No matching quizzes found
Score Distribution
Percent of People with Each Score
Percentile by Number Answered
Your Score History
You have not taken this quiz